[Event "GER-ch Net blitz qual3"]
[Site "Playchess.com INT"]
[Date "2020.03.21"]
[Round "7"]
[White "Scheele, Marcus"]
[Black "Kuever, Bastian"]
[Result "0-1"]
[WhiteElo "2170"]
[BlackElo "1359"]
[PlyCount "44"]
[EventDate "2020.03.21"]
[EventType "swiss (blitz)"]
[EventRounds "9"]
[EventCountry "GER"]
[SourceTitle "CBM 195 Extra"]
[Source "ChessBase"]
[SourceDate "2020.05.31"]
[SourceVersion "1"]
[SourceVersionDate "2020.05.31"]
[SourceQuality "1"]

1. Nc3 Nf6 2. Nf3 Nc6 3. e4 e5 4. Bc4 Bc5 5. Ng5 0-0 6. 0-0 h6 7. Nf3 d6 8. d3 Bg4 9. h3 Bh5 10. Ne2 Bxf3 11. gxf3 Nh5 12. Be3 Bb6 13. Kg2 Qf6 14. Ng3 Qg6 15. Qd2 Nd4 16. c3 Ne6 17. Kh2 Nhf4 18. Rg1 Ng5 19. Qd1 Ngxh3 20. Bxf4 Nxf4 21. Nf5 Qh5+ 22. Kg3 Qh3# 0-1

[Event "Blankenese op 3rd"]
[Site "Hamburg"]
[Date "2019.10.04"]
[Round "3"]
[White "Michelitsch, Mario"]
[Black "Scheele, Marcus"]
[Result "0-1"]
[WhiteElo "1620"]
[BlackElo "1889"]
[PlyCount "62"]
[EventDate "2019.10.03"]
[EventType "swiss"]
[EventRounds "7"]
[EventCountry "GER"]
[SourceTitle "EXT 2023"]
[Source "ChessBase"]
[SourceDate "2022.10.05"]
[SourceVersion "1"]
[SourceVersionDate "2022.10.05"]
[SourceQuality "1"]

1. e4 Nc6 2. Nf3 d5 3. exd5 Qxd5 4. Nc3 Qd6 5. h3 Bf5 6. Bb5 0-0-0 7. d3 Nf6 8. Be3 a6 9. Bc4 e6 10. Qe2 h6 11. g4 Bg6 12. a3 Be7 13. 0-0-0 Ne5 14. Nxe5 Qxe5 15. Kb1 Qa5 16. Bd2 Qb6 17. Be3 Qc6 18. Bb3 Bxa3 19. Ba4 b5 20. bxa3 Qxc3 21. Bb3 Qc6 22. Qd2 Ne4 23. dxe4 Rxd2 24. Rxd2 Bxe4 25. Re1 Bf3 26. Rg1 Rd8 27. Rxd8+ Kxd8 28. g5 h5 29. Bd4 g6 30. Bf6+ Kc8 31. c3 Qc5 0-1

[Event "Blankenese op 3rd"]
[Site "Hamburg"]
[Date "2019.10.03"]
[Round "1"]
[White "Malinowsky, Celina"]
[Black "Scheele, Marcus"]
[Result "0-1"]
[WhiteElo "1312"]
[BlackElo "1889"]
[PlyCount "68"]
[EventDate "2019.10.03"]
[EventType "swiss"]
[EventRounds "7"]
[EventCountry "GER"]
[SourceTitle "EXT 2023"]
[Source "ChessBase"]
[SourceDate "2022.10.05"]
[SourceVersion "1"]
[SourceVersionDate "2022.10.05"]
[SourceQuality "1"]

1. e4 Nc6 2. Nf3 d5 3. exd5 Qxd5 4. Nc3 Qa5 5. Bc4 Bg4 6. h3 Bh5 7. g4 Bg6 8. d3 e6 9. Bd2 Qc5 10. Be3 Qd6 11. Nb5 Qd7 12. Qd2 a6 13. Nc3 Nf6 14. Qe2 Na5 15. Bb3 Nxb3 16. cxb3 Qxd3 17. Qxd3 Bxd3 18. Rd1 0-0-0 19. Ne5 Bg6 20. Rxd8+ Kxd8 21. h4 Nd7 22. Nxg6 hxg6 23. Ke2 Be7 24. h5 gxh5 25. gxh5 f5 26. h6 g5 27. f4 g4 28. Bd4 Bf6 29. Bxf6+ Nxf6 30. Nd1 Nd5 31. Ne3 Nxf4+ 32. Kf2 Nh3+ 33. Kg3 f4+ 34. Kxg4 Nf2+ 0-1

[Event "Reykjavik op"]
[Site "Reykjavik"]
[Date "2017.04.23"]
[Round "6"]
[White "Scheele, Marcus"]
[Black "Hart, Alexander E"]
[Result "1/2-1/2"]
[WhiteElo "2030"]
[BlackElo "1806"]
[PlyCount "103"]
[EventDate "2017.04.19"]
[EventType "swiss"]
[EventRounds "10"]
[EventCountry "ISL"]
[SourceTitle "CBM 178 Extra"]
[Source "ChessBase"]
[SourceDate "2017.06.22"]
[SourceVersion "1"]
[SourceVersionDate "2017.06.22"]
[SourceQuality "1"]

1. e4 c6 2. d4 d5 3. e5 Bf5 4. h4 h5 5. Bd3 Bxd3 6. Qxd3 e6 7. Bg5 Qa5+ 8. Nd2 c5 9. dxc5 Bxc5 10. Ngf3 Nc6 11. 0-0 Qc7 12. c4 Nb4 13. Qe2 Ne7 14. a3 Nbc6 15. b4 Bd4 16. Nxd4 Nxd4 17. Qd3 Ndf5 18. cxd5 Nxd5 19. Rac1 Qd7 20. Ne4 b6 21. Rfd1 Rc8 22. Qa6 0-0 23. Qe2 Rxc1 24. Rxc1 g6 25. Rd1 Qa4 26. g4 hxg4 27. Qxg4 Qxa3 28. h5 Rc8 29. hxg6 fxg6 30. Nf6+ Nxf6 31. Bxf6 Rc1 32. Qxg6+ Kf8 33. Qg4 Rxd1+ 34. Qxd1 Qxb4 35. Qd8+ Kf7 36. Qd7+ Kg6 37. Qe8+ Kh6 38. Qh8+ Kg6 39. Qg8+ Kh6 40. Qg5+ Kh7 41. Qh5+ Nh6 42. Qe8 Qe1+ 43. Kg2 Qe4+ 44. Kf1 Qd3+ 45. Ke1 Qb1+ 46. Kd2 Qb2+ 47. Kd3 Qb1+ 48. Kc3 Qe1+ 49. Kb3 Qd1+ 50. Ka3 Qd3+ 51. Kb2 Qd2+ 52. Kb3 1/2-1/2

[Event "Reykjavik op"]
[Site "Reykjavik"]
[Date "2017.04.22"]
[Round "5"]
[White "Ragnarsson, Heimir Pall"]
[Black "Scheele, Marcus"]
[Result "0-1"]
[WhiteElo "1608"]
[BlackElo "2030"]
[PlyCount "70"]
[EventDate "2017.04.19"]
[EventType "swiss"]
[EventRounds "10"]
[EventCountry "ISL"]
[SourceTitle "CBM 178 Extra"]
[Source "ChessBase"]
[SourceDate "2017.06.22"]
[SourceVersion "1"]
[SourceVersionDate "2017.06.22"]
[SourceQuality "1"]

1. c4 c6 2. Nf3 Nf6 3. g3 d5 4. b3 Bg4 5. Bg2 Nbd7 6. 0-0 e6 7. Bb2 Bd6 8. d3 0-0 9. h3 Bxf3 10. Bxf3 Qe7 11. Re1 e5 12. e3 e4 13. dxe4 dxe4 14. Bg2 Ne5 15. Bf1 Nf3+ 16. Kg2 Nxe1+ 17. Qxe1 Rad8 18. Be2 Rfe8 19. Qa5 b6 20. Qf5 Be5 21. Bxe5 Qxe5 22. Qxe5 Rxe5 23. Nc3 Rd2 24. Kf1 Re8 25. Ke1 Red8 26. Rd1 Rxd1+ 27. Bxd1 Kf8 28. Bc2 Re8 29. g4 Re5 30. Ne2 Ke7 31. Nd4 Kd7 32. a4 h5 33. Nf5 hxg4 34. hxg4 Nxg4 35. Nxg7 Rg5 0-1

[Event "Reykjavik op"]
[Site "Reykjavik"]
[Date "2017.04.19"]
[Round "1"]
[White "Scheele, Marcus"]
[Black "Beliavsky, Alexander G"]
[Result "0-1"]
[WhiteElo "2030"]
[BlackElo "2597"]
[PlyCount "40"]
[EventDate "2017.04.19"]
[EventType "swiss"]
[EventRounds "10"]
[EventCountry "ISL"]
[SourceTitle "CBM 178 Extra"]
[Source "ChessBase"]
[SourceDate "2017.06.22"]
[SourceVersion "1"]
[SourceVersionDate "2017.06.22"]
[SourceQuality "1"]

1. e4 c5 2. Nc3 Nc6 3. f4 e6 4. Nf3 d5 5. Bb5 Nge7 6. exd5 exd5 7. Qe2 Qd6 8. d4 cxd4 9. Nxd4 a6 10. Ba4 h5 11. 0-0 Bg4 12. Qf2 0-0-0 13. Nxc6 Nxc6 14. f5 Qc5 15. Bxc6 Qxc6 16. Qf4 Bc5+ 17. Kh1 Rhe8 18. Bd2 d4 19. Nd1 Re4 20. Qg3 h4 0-1

[Event "Bayern-chI Bank Hofmann 17th"]
[Site "Bad Wiessee"]
[Date "2013.10.26"]
[Round "1"]
[White "Delchev, Aleksander"]
[Black "Scheele, Marcus"]
[Result "1-0"]
[WhiteElo "2643"]
[BlackElo "1968"]
[PlyCount "81"]
[EventDate "2013.10.26"]
[EventType "swiss"]
[EventRounds "9"]
[EventCountry "GER"]
[SourceTitle "EXT 2014"]
[Source "ChessBase"]
[SourceDate "2013.11.20"]
[SourceVersion "1"]
[SourceVersionDate "2013.11.20"]
[SourceQuality "1"]

1. e4 c6 2. d4 d5 3. e5 c5 4. dxc5 Nc6 5. Bb5 e6 6. Be3 Nge7 7. c3 Bd7 8. Bxc6 Bxc6 9. Nf3 Nf5 10. Bd4 Be7 11. 0-0 0-0 12. Re1 Qc7 13. Nbd2 a5 14. Rc1 Rfd8 15. Nf1 Bb5 16. Ne3 Nxe3 17. Rxe3 Bxc5 18. Bxc5 Qxc5 19. Nd4 Bc6 20. Qd2 Qe7 21. Rce1 Qg5 22. Qd1 Rac8 23. Rg3 Qh6 24. Ree3 g6 25. Rg4 b5 26. a3 b4 27. axb4 axb4 28. Nxc6 Rxc6 29. Rxb4 Ra8 30. h3 Rca6 31. Re1 Qg5 32. h4 Qe7 33. Qg4 Ra1 34. Rxa1 Rxa1+ 35. Kh2 h5 36. Qd4 Kg7 37. Qb6 g5 38. Qd6 Qa7 39. Rb8 gxh4 40. Qd8 f5 41. Qf6+ 1-0

[Event "Hamburg St Pauli op-A"]
[Site "Hamburg"]
[Date "2013.07.06"]
[Round "1"]
[White "Scheele, Marcus"]
[Black "Steingraeber, Kai Uwe"]
[Result "1/2-1/2"]
[WhiteElo "1927"]
[BlackElo "2137"]
[PlyCount "32"]
[EventDate "2013.07.06"]
[EventType "swiss"]
[EventRounds "9"]
[EventCountry "GER"]
[SourceTitle "CBM 155 Extra"]
[Source "ChessBase"]
[SourceDate "2013.08.26"]
[SourceVersion "1"]
[SourceVersionDate "2013.08.26"]
[SourceQuality "1"]

1. e4 c5 2. Nc3 Nc6 3. f4 e6 4. Nf3 d5 5. Bb5 d4 6. Nb1 Bd7 7. 0-0 Nf6 8. d3 Be7 9. Qe1 0-0 10. b3 a6 11. Bxc6 Bxc6 12. Ne5 Qc7 13. Nd2 b5 14. Ndf3 Bb7 15. Bd2 Rac8 16. a4 Ra8 1/2-1/2

[Event "London Classic op 4th"]
[Site "London"]
[Date "2012.12.05"]
[Round "5"]
[White "Scheele, Marcus"]
[Black "Shepley, Julien M"]
[Result "1/2-1/2"]
[WhiteElo "1850"]
[BlackElo "2029"]
[PlyCount "101"]
[EventDate "2012.12.01"]
[EventType "swiss"]
[EventRounds "9"]
[EventCountry "ENG"]
[SourceTitle "CBM 151 Extra"]
[Source "ChessBase"]
[SourceDate "2012.12.18"]
[SourceVersion "1"]
[SourceVersionDate "2012.12.18"]
[SourceQuality "1"]

1. c4 d6 2. g3 e5 3. Bg2 c6 4. d4 Nf6 5. dxe5 dxe5 6. Qxd8+ Kxd8 7. Nf3 Bb4+ 8. Bd2 Bxd2+ 9. Nbxd2 Re8 10. 0-0-0 Kc7 11. Ng5 Re7 12. b4 Nbd7 13. Kb2 h6 14. Nge4 Nxe4 15. Nxe4 Nb6 16. Nd6 Be6 17. c5 Nd5 18. a3 b6 19. e4 Nf6 20. cxb6+ axb6 21. Nf5 Bxf5 22. exf5 e4 23. Rhe1 Rae8 24. Rc1 Re5 25. f3 Rxf5 26. fxe4 Rf2+ 27. Rc2 Rxc2+ 28. Kxc2 Ng4 29. h3 Ne5 30. Rd1 Nc4 31. Rd3 Ra8 32. Kb3 Nxa3 33. Rf3 Nb5 34. Rxf7+ Kd6 35. Rxg7 Ra3+ 36. Kb2 Re3 37. Kc1 Ke5 38. Kd2 Ra3 39. Bf1 Nd6 40. Bd3 Kd4 41. Bb1 Nc4+ 42. Ke2 Re3+ 43. Kf2 Rb3 44. Rd7+ Ke5 45. Bd3 Nd6 46. Ke3 Rxb4 47. Re7+ Kf6 48. Rh7 Nf7 49. e5+ Nxe5 50. Rxh6+ Kg5 51. Re6 1/2-1/2

[Event "London Classic op 4th"]
[Site "London"]
[Date "2012.12.01"]
[Round "1"]
[White "Scheele, Marcus"]
[Black "Caoili, Arianne"]
[Result "0-1"]
[WhiteElo "1850"]
[BlackElo "2202"]
[PlyCount "60"]
[EventDate "2012.12.01"]
[EventType "swiss"]
[EventRounds "9"]
[EventCountry "ENG"]
[SourceTitle "CBM 151 Extra"]
[Source "ChessBase"]
[SourceDate "2012.12.18"]
[SourceVersion "1"]
[SourceVersionDate "2012.12.18"]
[SourceQuality "1"]

1. c4 c5 2. g3 Nf6 3. Nc3 g6 4. Bg2 Bg7 5. e4 Nc6 6. Nge2 d6 7. d3 Bd7 8. 0-0 h5 9. h4 Qc8 10. Rb1 Nd4 11. Nxd4 cxd4 12. Ne2 e5 13. Bd2 0-0 14. Qc1 b5 15. b3 Qa6 16. Rb2 Rab8 17. Qb1 Qa3 18. Bc1 bxc4 19. bxc4 Rxb2 20. Bxb2 Qb4 21. Qc1 Rb8 22. Ba3 Qb6 23. Qc2 Qa6 24. Qc1 Ng4 25. f4 Ne3 26. Rf2 Ba4 27. fxe5 dxe5 28. Nc3 Bc2 29. Rxc2 Nxc2 30. Bb2 dxc3 0-1